Diseño de viviendas de interés social en el trópico húmedo
| Main Author: | |
|---|---|
| Format: | Section = Libro |
| Language: | Undetermined Spanish |
| Published: |
Panamá
[s.e]
2004
|
| Subjects: |
| LEADER | 00565nam a2200205Ia 4500 | ||
|---|---|---|---|
| 008 | 240829s9999 xx 000 0 und d | ||
| 020 | |a 9962-02-622-9 | ||
| 040 | |a BIBLIOTECA-RUSB/ 721 R696 | ||
| 041 | |a spa | ||
| 082 | |a 721 R696 | ||
| 100 | 1 | |a Rodríguez Porcell, Raúl Rolando | |
| 245 | 1 | 0 | |a Diseño de viviendas de interés social en el trópico húmedo |
| 260 | |a Panamá |b [s.e] |c 2004 | ||
| 300 | |a 205 p. :il. | ||
| 650 | 7 | |a ARQUITECTURA | |
| 650 | 7 | |b MEDIO AMBIENTE | |
| 650 | 7 | |c CLIMA TROPICAL HUMEDO. | |
| 942 | |c BK |2 ddc | ||
| 991 | |a TEXTO | ||
| 999 | |c 5131 | ||